000 00702cam a22002053a 4500
001 44005
003 PGUSA
005 20140828084013.0
008 131020s2013||||xxu|||||s|||||000 | eng d
040 _aPGUSA
_beng
042 _adc
100 1 _aKennedy, The President's Commission on the Assassination of President
245 1 0 _aWarren Commission (5 of 26) :
_bHearings Vol. V (of 15)
_h[electronic resource] /
_cThe President's Commission on the Assassination of President Kennedy
260 _bProject Gutenberg,
_c2013
506 _aPublic domain in the USA.
516 _aElectronic text
830 0 _aProject Gutenberg
_v44005
856 4 0 _uhttp://www.gutenberg.org/ebooks/44005
942 _cEB
999 _c273256
_d273256